Les grandes orgues de Notre-Dame de Chartres

Other Authors: Balbastre, Claude-Bénigne, 1727-1799, Boëllmann, Léon, 1862-1897, Franck, César, 1822-1890, Heřmanová, Věra, 1951-, Messiaen, Olivier, 1908-1992, Vierne, Louis, 1870-1937
Language: Undetermined
Published: Praha : Supraphon, p1992
Physical Description: 1 CD : stereo, DDD ; 12 cm + 1 brožura [8 s.].
Audio
Saved in:
LEADER 01635njm a2200409 a 4500
001 000265792
003 CZ BrMZK
005 20061024160942.0
008 010907s1992 xr f und d
028 0 3 |a 11 1472-2 131  |b Supraphon 
040 |a BOA001  |b cze 
080 |a 786.6"17/19"(086.7)  |2 MRF 
245 0 4 |a Les grandes orgues de Notre-Dame de Chartres  |h [zvukový záznam] 
246 3 3 |a Suite gothique Op.25 
246 3 3 |a Toccata, Op.53 No.6 
246 3 3 |a <<La >>nativité du Seigneur 
246 3 3 |a Deuxiéme suitte de Noels 
246 3 3 |a Prélude, fugue, variation, Op.18 
260 |a Praha :  |b Supraphon,  |c p1992 
300 |a 1 CD :  |b stereo, DDD ;  |c 12 cm +  |e 1 brožura [8 s.]. 
306 |a 011111 
500 |a Text v brožuře vícejaz. 
500 |a Nahr. 1990 
500 |a Durata 71:11 
505 2 |a Deuxiéme Suitte de Noels, La nativité du Seigneur, Prélude, fugue, variation, Op.18 ... [et al.] 
511 0 |a Věra Heřmanová, varhany 
653 0 |a varhanní charakteristické skladby  |a varhanní suity  |a varhanní toccaty  |a varhany 
700 1 |a Balbastre, Claude-Bénigne,  |d 1727-1799  |7 mzk2003205884  |4 cmp 
700 1 |a Boëllmann, Léon,  |d 1862-1897  |7 xx0012062  |4 cmp 
700 1 |a Franck, César,  |d 1822-1890  |7 jn20000601614  |4 cmp 
700 1 |a Heřmanová, Věra,  |d 1951-  |7 ola200204346 
700 1 |a Messiaen, Olivier,  |d 1908-1992  |7 jn20000604002  |4 cmp 
700 1 |a Vierne, Louis,  |d 1870-1937  |7 kup20000000107161  |4 cmp 
910 |a BOA001  |b CD-0000.919 
964 |a Varhany  |z stol.18.-20.  |x CD 
990 |a AV 
996 6 |b 261H000941  |c CD-0000.919  |l MZK  |r Sklad / do 24 hodin  |n 0  |w 000265792  |u 000010  |a 1  |e BOA001  |j MZK50  |s P